| 000 | 00645nam a2200205 i 4500 | ||
|---|---|---|---|
| 001 | 16668 | ||
| 003 | ES-MaACL | ||
| 005 | 20230906151354.0 | ||
| 007 | t| | ||
| 008 | 001023s2000 sp |||| | spa d | ||
| 020 | _a84-458-0996-2 | ||
| 080 | _a821.134.2-84"19" | ||
| 100 | 1 |
_aCruz y Hermida, Julio. _941859 |
|
| 245 | 1 | 0 |
_aPensar en voz alta es acercarse a los demás _b: (antología de citas y pensamientos diversos) / _cJulio Cruz y Hermida. |
| 250 | _a2ª ed. | ||
| 260 |
_aBarcelona : _bMasson, _c2000. |
||
| 300 |
_a113 p. ; _c21 cm. |
||
| 650 | 4 |
_aCitas. _9149979 |
|
| 852 |
_aES-MaACL _jL-23686 _z. - Dedicatoria autógrafa del autor |
||
| 999 |
_c16668 _d16668 |
||